| 000 | 01665cam a22004574i 4500 | ||
|---|---|---|---|
| 003 | PE-LiUPU | ||
| 005 | 20250731172926.0 | ||
| 008 | 170511s1867 r 000 0 spa d | ||
| 035 | _a(Sirsi) a203970 | ||
| 040 |
_aPE-LiUPU _bspa _cPE-LiUPU _erda |
||
| 049 | _aPRUA | ||
| 082 | 0 | 4 |
_a234.7 _bB86 _220 |
| 100 | 1 |
_aBuchanan, James, _d1804-1870, _eautor. |
|
| 245 | 1 | 4 |
_aThe doctrine of justification : _ban outline of its history in the church, and of its exposition from Scripture / _cJames Buchanan. |
| 264 | 1 |
_aLondon : _bBanner of thuth trust, _c1867. |
|
| 300 |
_a528 pages ; _c22 centimeters |
||
| 336 |
_atext _2rdacontent |
||
| 337 |
_aunmediated _2rdamedia |
||
| 338 |
_avolume _2rdacarrier |
||
| 504 | _aIndex : pages 525-528. | ||
| 505 | 0 | _aHistory of the doctrine of justification -- Exposition of the doctrine of justification. | |
| 526 | _aSEG42 | ||
| 526 | _aSEG41 | ||
| 526 | _aSEG40 | ||
| 526 | _aSEG39 | ||
| 526 | _aP94 | ||
| 526 | _aP87 | ||
| 526 | _aP86 | ||
| 526 | _aP85 | ||
| 526 | _aP77 | ||
| 526 | _aP76 | ||
| 526 | _aP35 | ||
| 650 | 0 | 4 |
_aJustificación. _91184 |
| 910 |
_ajck _bncf _cncf _d20170511 |
||
| 942 |
_2ddc _cBOOK |
||
| 949 |
_a234.7 B86 _wDEWEY _c1 _i75767 _lCCODEBUL1 _mBUL _p19.99 _r0 _sY _tBOOK _u2017-05-11 _xPOSGRADO _zMA.TEOLOGIA _0DONACION _o.STAFF. Colección Teologia |
||
| 994 |
_aC0 _bPEPRU |
||
| 596 | _a1 | ||
| 999 |
_a234.7 B86 _wDEWEY _c20349 _i75767 _d20349 _f2021-11-10 _g4 _lCCODEBUL1 _mBUL _p19.99 _q2 _r0 _sY _tBOOK _u2017-5-11 _xTEOLOGIA _PP85 _0COMPRA _o.STAFF. Colección Teologia |
||
| 980 |
_81 _gALBERTO SANCHEZ Responsable de Automatización |
||